<?xml version="1.0" encoding="UTF-8"?>
<collection xmlns:xsi="http://www.w3.org/2001/XMLSchema-instance" xsi:schemaLocation="http://www.loc.gov/MARC21/slim http://www.loc.gov/standards/marcxml/schema/MARC21slim.xsd" xmlns="http://www.loc.gov/MARC21/slim">
 <record>
  <leader>00000cab a22000003a 4500</leader>
  <controlfield tag="001">UP-99796217609164212</controlfield>
  <controlfield tag="003">Buklod</controlfield>
  <controlfield tag="005">20231007234052.0</controlfield>
  <controlfield tag="006">m    |o  d |      </controlfield>
  <controlfield tag="007">ta</controlfield>
  <controlfield tag="008">100219s        xx     d | ||r |||||   ||</controlfield>
  <datafield tag="040" ind1=" " ind2=" ">
   <subfield code="a">DENGII</subfield>
  </datafield>
  <datafield tag="041" ind1=" " ind2=" ">
   <subfield code="a">eng</subfield>
  </datafield>
  <datafield tag="100" ind1="0" ind2=" ">
   <subfield code="a">McDougal, M.P.</subfield>
  </datafield>
  <datafield tag="245" ind1="0" ind2="0">
   <subfield code="a">Phase compensation in single echo acquisition imaging.</subfield>
  </datafield>
  <datafield tag="300" ind1=" " ind2=" ">
   <subfield code="a">pp. 17-22</subfield>
  </datafield>
  <datafield tag="520" ind1=" " ind2=" ">
   <subfield code="a">Parallel imaging in magnetic resonance imaging is currently the primary route to decreasing scan time. Single echo acquisition (SEA) imaging is a completely parallel imaging method that collects a full image in a single echo. This article discusses the implications related to imaging with voxel-sized coils, specifically as they relate to the potential for SEA imaging with large planar and cylindrical arrays. Phased array coils with large numbers of elements have been used to form images in SEA imaging. As implemented, the array elements are on the order of the voxel dimensions in one direction. A complication that arises in this case is the potential for signal loss due to the phase variation over the voxel impressed by the receive coil. This problem has been investigated for the cases of planar and cylindrical arrays. In the case of planar arrays, a single phase compensation pulse can be shown to easily eliminate the dephasing of the radio frequency (RF) coil. Unfortunately, for cylindrical arrays, the rotation of the coil phase gradient requires different phase compensation gradient strengths to optimize the signal from each coil, an obvious problem in single echo imaging. One potential solution is to use the cylindrical coil in the transmit/receive mode, which eliminates the need for phase compensation entirely but will require a more complex interface to the scanner.</subfield>
  </datafield>
  <datafield tag="653" ind1=" " ind2=" ">
   <subfield code="a">Coil phase gradient.</subfield>
  </datafield>
  <datafield tag="653" ind1=" " ind2=" ">
   <subfield code="a">Cylindrical arrays.</subfield>
  </datafield>
  <datafield tag="653" ind1=" " ind2=" ">
   <subfield code="a">Magnetic resonance imaging.</subfield>
  </datafield>
  <datafield tag="653" ind1=" " ind2=" ">
   <subfield code="a">Parallel imaging.</subfield>
  </datafield>
  <datafield tag="653" ind1=" " ind2=" ">
   <subfield code="a">Phase compensation.</subfield>
  </datafield>
  <datafield tag="653" ind1=" " ind2=" ">
   <subfield code="a">Phase compensation gradient strengths.</subfield>
  </datafield>
  <datafield tag="653" ind1=" " ind2=" ">
   <subfield code="a">Phased array coils.</subfield>
  </datafield>
  <datafield tag="653" ind1=" " ind2=" ">
   <subfield code="a">Planar arrays.</subfield>
  </datafield>
  <datafield tag="653" ind1=" " ind2=" ">
   <subfield code="a">Radio frequency coil.</subfield>
  </datafield>
  <datafield tag="653" ind1=" " ind2=" ">
   <subfield code="a">Single echo acquisition imaging.</subfield>
  </datafield>
  <datafield tag="653" ind1=" " ind2=" ">
   <subfield code="a">Single echo imaging.</subfield>
  </datafield>
  <datafield tag="653" ind1=" " ind2=" ">
   <subfield code="a">Single phase compensation pulse.</subfield>
  </datafield>
  <datafield tag="653" ind1=" " ind2=" ">
   <subfield code="a">Voxel-sized coils.</subfield>
  </datafield>
  <datafield tag="773" ind1="0" ind2=" ">
   <subfield code="t">IEEE Engineering in medicine and biology magazine</subfield>
   <subfield code="g">24, 6 (2005).</subfield>
  </datafield>
  <datafield tag="905" ind1=" " ind2=" ">
   <subfield code="a">FO</subfield>
  </datafield>
  <datafield tag="852" ind1=" " ind2=" ">
   <subfield code="a">UPD</subfield>
   <subfield code="b">DENG-II</subfield>
  </datafield>
  <datafield tag="942" ind1=" " ind2=" ">
   <subfield code="a">Article</subfield>
  </datafield>
 </record>
</collection>
